[Event "OLOMOUC 2006 - GM (CZE)"]
[Site "?"]
[Date "2006.08.04"]
[Round "4.6"]
[White "Matamoros Franco, Carlos S"]
[Black "Kryvoruchko, Yuriy"]
[Result "1/2-1/2"]
[WhiteElo "2544"]
[BlackElo "2536"]
[PlyCount "31"]
[EventDate "2006.08.02"]

1. c4 c5 2. g3 Nf6 3. Bg2 d5 4. cxd5 Nxd5 5. Nc3 Nc7 6. Qb3 Nc6 7. Bxc6+ bxc6
8. Qa4 e5 9. Nf3 f6 10. d3 Be7 11. Be3 O-O 12. O-O Ne6 13. Qxc6 Rb8 14. b3 Nd4
15. Bxd4 cxd4 16. Na4 1/2-1/2

[Event "OLOMOUC 2006 - GM (CZE)"]
[Site "?"]
[Date "2006.08.05"]
[Round "5.1"]
[White "Kryvoruchko, Yuriy"]
[Black "Shanava, Konstantine"]
[Result "1/2-1/2"]
[WhiteElo "2536"]
[BlackElo "2490"]
[PlyCount "99"]
[EventDate "2006.08.02"]

1. e4 c5 2. Nf3 d6 3. d4 cxd4 4. Nxd4 Nf6 5. Nc3 g6 6. Be3 Bg7 7. f3 a6 8. Qd2
Nbd7 9. g4 b5 10. h4 b4 11. Na4 Bb7 12. Qxb4 Rb8 13. Qd2 d5 14. g5 Nh5 15. exd5
Bxd5 16. Nf5 Bxf3 17. Nxg7+ Nxg7 18. Rh3 Bh5 19. Bd4 O-O 20. Bxg7 Kxg7 21. Rd3
Qc7 22. Rxd7 Qe5+ 23. Kf2 Qh2+ 24. Bg2 Qxh4+ 25. Kg1 Qxa4 26. Rxe7 Rbd8 27. Qf2
Rd7 28. Qf6+ Kg8 29. b3 Qg4 30. Re4 Qg3 31. Qe5 Qxe5 32. Rxe5 h6 33. gxh6 Kh7
34. c4 Rd2 35. c5 Kxh6 36. c6 Rc2 37. b4 Rb8 38. a3 Bg4 39. Rf1 Be6 40. Rd1 Kg7
41. Ra5 Rb5 42. Rxb5 axb5 43. Rd8 f5 44. Rb8 g5 45. Rxb5 Kf6 46. Rb8 Rc1+ 47.
Kf2 Rc2+ 48. Kg1 Rc1+ 49. Kf2 Rc2+ 50. Kg1 1/2-1/2

[Event "OLOMOUC 2006 - GM (CZE)"]
[Site "?"]
[Date "2006.08.05"]
[Round "5.2"]
[White "Simacek, Pavel"]
[Black "Matamoros Franco, Carlos S"]
[Result "1/2-1/2"]
[WhiteElo "2500"]
[BlackElo "2544"]
[PlyCount "111"]
[EventDate "2006.08.02"]

1. e4 e6 2. d4 d5 3. e5 c5 4. c3 Qb6 5. Nf3 Nc6 6. a3 Nh6 7. b4 cxd4 8. cxd4
Nf5 9. Be3 f6 10. exf6 gxf6 11. Nc3 Nxe3 12. fxe3 Bh6 13. Qd3 Bd7 14. Be2 Ne7
15. O-O Rc8 16. Nd2 O-O 17. Nb3 Be8 18. Nc5 Bg6 19. e4 dxe4 20. Qh3 Bg7 21. Bc4
Kh8 22. Bxe6 Rcd8 23. Rad1 f5 24. d5 a5 25. N3a4 Qc7 26. bxa5 Qxa5 27. d6 Nc6
28. Bxf5 Rxf5 29. Rxf5 b6 30. Rfd5 bxc5 31. Nxc5 Bd4+ 32. Kh1 Bxc5 33. Rc1 Rxd6
34. Qc8+ Kg7 35. Qb7+ Kh6 36. Rxd6 Bxd6 37. Qxc6 Qe5 38. g3 e3 39. Qc3 Qe4+ 40.
Kg1 Be5 41. Qb4 Bd4 42. Qf8+ Kh5 43. h3 e2+ 44. Kh2 Qe5 45. Qf3+ Kh6 46. Re1
Bh5 47. Qf8+ Kg6 48. Qg8+ Kh6 49. Qf8+ Kg6 50. Qg8+ Kf6 51. Qh8+ Ke6 52. Qg8+
Kf6 53. Qh8+ Ke6 54. Qg8+ Kd6 55. Qd8+ Ke6 56. Qg8+ 1/2-1/2

[Event "OLOMOUC 2006 - GM (CZE)"]
[Site "?"]
[Date "2006.08.05"]
[Round "5.3"]
[White "Cernousek, Lukas"]
[Black "Kraemer, Martin"]
[Result "1/2-1/2"]
[WhiteElo "2418"]
[BlackElo "2434"]
[PlyCount "46"]
[EventDate "2006.08.02"]

1. d4 Nf6 2. c4 e6 3. Nf3 b6 4. g3 Ba6 5. Nbd2 Bb4 6. Qc2 Bb7 7. Bg2 Be4 8. Qb3
Bxd2+ 9. Bxd2 O-O 10. O-O d6 11. Qe3 Nbd7 12. Bc3 Qe7 13. Bh3 Rfe8 14. Rad1 d5
15. Ne5 dxc4 16. Nxd7 Qxd7 17. d5 Bxd5 18. Bxf6 gxf6 19. Qh6 f5 20. Qg5+ Kf8
21. Qh6+ Kg8 22. Qg5+ Kf8 23. Qh6+ Kg8 1/2-1/2

[Event "OLOMOUC 2006 - GM (CZE)"]
[Site "?"]
[Date "2006.08.05"]
[Round "5.4"]
[White "Jirka, Jiri"]
[Black "Maslak, Konstantin"]
[Result "0-1"]
[WhiteElo "2372"]
[BlackElo "2537"]
[PlyCount "86"]
[EventDate "2006.08.02"]

1. d4 d5 2. Nf3 Nc6 3. g3 Bf5 4. Bg2 Nb4 5. Na3 e6 6. c4 c6 7. O-O Be7 8. Qb3
a5 9. c5 b6 10. cxb6 Qxb6 11. Ne5 Nf6 12. Bg5 Qxd4 13. Qc3 Qb6 14. Rfc1 O-O 15.
Nd7 Nxd7 16. Bxe7 Rfe8 17. Bg5 c5 18. Rd1 Bg4 19. Qe1 h6 20. Be3 Rab8 21. h3
Bh5 22. g4 Bg6 23. Bf4 Rbc8 24. Qd2 Nf6 25. Qe3 Nc6 26. b3 Nd4 27. Be5 Qb4 28.
Nb1 Nc2 29. Qc1 Nxa1 30. Bxa1 d4 31. Nd2 Qb8 32. Nc4 Be4 33. f3 Bd5 34. Nxa5
Qb5 35. Nc4 Bxc4 36. bxc4 Qa6 37. Rd2 e5 38. Qc2 Rb8 39. e4 Rb4 40. Bf1 Nh7 41.
h4 Qf6 42. Qd3 Qxh4 43. Bb2 Reb8 0-1

[Event "OLOMOUC 2006 - GM (CZE)"]
[Site "?"]
[Date "2006.08.05"]
[Round "5.5"]
[White "Plischki, Sebastian"]
[Black "Arutinian, David"]
[Result "1/2-1/2"]
[WhiteElo "2387"]
[BlackElo "2552"]
[PlyCount "64"]
[EventDate "2006.08.02"]

1. d4 Nf6 2. c4 e6 3. Nc3 Bb4 4. Qc2 O-O 5. a3 Bxc3+ 6. Qxc3 b6 7. Bg5 Bb7 8.
e3 d6 9. Ne2 Nbd7 10. Qd3 Qe7 11. Nc3 c5 12. Rd1 Rfd8 13. d5 h6 14. Bh4 exd5
15. cxd5 a6 16. a4 Ne5 17. Qf5 Bc8 18. Bxf6 Qxf6 19. Qxf6 gxf6 20. Be2 Kf8 21.
h3 Bd7 22. f4 Ng6 23. Rb1 Ne7 24. Kf2 Rdb8 25. b4 cxb4 26. Rxb4 Rc8 27. Rb3 f5
28. Ra1 Rc5 29. Raa3 Rb8 30. Bxa6 Nxd5 31. Nxd5 Rxd5 32. Rd3 Rxd3 1/2-1/2

[Event "OLOMOUC 2006 - GM (CZE)"]
[Site "?"]
[Date "2006.08.05"]
[Round "5.6"]
[White "Womacka, Mathias"]
[Black "Biolek, Richard"]
[Result "1/2-1/2"]
[WhiteElo "2423"]
[BlackElo "2440"]
[PlyCount "112"]
[EventDate "2006.08.02"]

1. e4 e5 2. Nf3 Nc6 3. Bb5 Nf6 4. O-O Nxe4 5. d4 Be7 6. Qe2 Nd6 7. Bxc6 bxc6 8.
dxe5 Nb7 9. Nc3 Nc5 10. Re1 Ne6 11. Be3 O-O 12. Rad1 Rb8 13. b3 Bb4 14. Bd2
Bxc3 15. Bxc3 c5 16. Nd2 Qg5 17. Ne4 Qg6 18. Qe3 Re8 19. f3 Rb6 20. Rd2 Rc6 21.
f4 Ra6 22. Rf2 Nd4 23. Nxc5 Nf5 24. Qd3 Rc6 25. Ne4 h6 26. Bb2 Rce6 27. Ref1 d6
28. Ng3 Nxg3 29. Qxg3 Qf5 30. Qd3 Rg6 31. Qxf5 Bxf5 32. Rd2 dxe5 33. fxe5 Be6
34. Rfd1 Rg4 35. Rd4 Kh7 36. Rxg4 Bxg4 37. Rd4 Bf5 38. Rc4 Rd8 39. Rxc7 Rd1+
40. Kf2 Rd2+ 41. Ke3 Rxc2 42. Rxc2 Bxc2 43. Kd4 Kg6 44. Kc5 Kf5 45. Kd6 g5 46.
Ke7 Kg6 47. g3 h5 48. h4 gxh4 49. gxh4 a6 50. Bc1 Bb1 51. a3 Kf5 52. Kd6 Bc2
53. b4 Bb3 54. Bg5 Ba4 55. Bf6 Bb5 56. Be7 Kg6 1/2-1/2

[Event "OLOMOUC 2006 - GM (CZE)"]
[Site "?"]
[Date "2006.08.06"]
[Round "6.1"]
[White "Shanava, Konstantine"]
[Black "Biolek, Richard"]
[Result "1-0"]
[WhiteElo "2490"]
[BlackElo "2440"]
[PlyCount "81"]
[EventDate "2006.08.02"]

1. e4 e5 2. Nf3 Nc6 3. Bc4 Nf6 4. d3 Be7 5. O-O O-O 6. Bb3 d6 7. c3 Na5 8. Bc2
c5 9. Nbd2 Nc6 10. Re1 Qc7 11. Nf1 h6 12. h3 Re8 13. g4 Bf8 14. Ng3 g6 15. Be3
d5 16. Nh4 d4 17. Bd2 Nd8 18. cxd4 cxd4 19. Bb3 Be6 20. Rc1 Qb6 21. Ba4 Nc6 22.
Bxc6 bxc6 23. b3 a5 24. Nhf5 Bb4 25. Nxh6+ Kg7 26. g5 Nd7 27. h4 Rh8 28. h5
Bxd2 29. Qxd2 c5 30. f4 a4 31. Rf1 axb3 32. f5 Rxa2 33. fxe6 Qxe6 34. Qd1 f6
35. Ngf5+ gxf5 36. Nxf5+ Kf8 37. g6 Rg8 38. Qg4 Qf7 39. Nh6 Qg7 40. Qe6 Qh7 41.
Nxg8 1-0

[Event "OLOMOUC 2006 - GM (CZE)"]
[Site "?"]
[Date "2006.08.06"]
[Round "6.2"]
[White "Arutinian, David"]
[Black "Womacka, Mathias"]
[Result "1/2-1/2"]
[WhiteElo "2552"]
[BlackElo "2423"]
[PlyCount "42"]
[EventDate "2006.08.02"]

1. d4 Nf6 2. c4 e6 3. Nf3 c5 4. d5 exd5 5. cxd5 d6 6. Nc3 g6 7. Qa4+ Nbd7 8.
Bf4 a6 9. e4 Rb8 10. Bd3 b5 11. Qc2 Ng4 12. Be2 Nge5 13. Nd2 Bg7 14. O-O O-O
15. a4 c4 16. axb5 axb5 17. b4 f5 18. Ra5 fxe4 19. Bxe5 Nxe5 20. Ndxe4 Bf5 21.
Qd2 Nf7 1/2-1/2

[Event "OLOMOUC 2006 - GM (CZE)"]
[Site "?"]
[Date "2006.08.06"]
[Round "6.3"]
[White "Maslak, Konstantin"]
[Black "Plischki, Sebastian"]
[Result "1-0"]
[WhiteElo "2537"]
[BlackElo "2387"]
[PlyCount "67"]
[EventDate "2006.08.02"]

1. e4 c5 2. Nf3 d6 3. d4 cxd4 4. Nxd4 Nf6 5. Nc3 a6 6. Bg5 e6 7. Qd2 Nbd7 8. f3
h6 9. Be3 b5 10. a3 Bb7 11. O-O-O Rc8 12. g4 Ne5 13. Qe1 Qc7 14. Bf4 Be7 15.
Bg3 Nfd7 16. f4 Nxg4 17. Rg1 h5 18. h3 h4 19. hxg4 hxg3 20. Qxg3 Qb6 21. g5 g6
22. f5 e5 23. Nde2 b4 24. axb4 Qxb4 25. fxg6 fxg6 26. Bh3 Rc7 27. Bxd7+ Rxd7
28. Qg4 Qc4 29. b3 Qg8 30. Rh1 Rxh1 31. Rxh1 Rc7 32. Qg3 Kd7 33. Rh6 Kc8 34.
Qh3+ 1-0

[Event "OLOMOUC 2006 - GM (CZE)"]
[Site "?"]
[Date "2006.08.06"]
[Round "6.4"]
[White "Kraemer, Martin"]
[Black "Jirka, Jiri"]
[Result "1-0"]
[WhiteElo "2434"]
[BlackElo "2372"]
[PlyCount "93"]
[EventDate "2006.08.02"]

1. c4 Nf6 2. Nc3 c6 3. e4 e5 4. Nf3 Qa5 5. Be2 Bb4 6. O-O O-O 7. Qc2 Re8 8. a3
Bf8 9. d4 exd4 10. Nxd4 Qe5 11. Nf3 Qh5 12. Ng5 Qg6 13. f4 Qh6 14. f5 Bd6 15.
g3 g6 16. Nxf7 Bc5+ 17. Kh1 Qg7 18. Nh6+ Kh8 19. Bg5 d6 20. fxg6 Nbd7 21. b4
Bd4 22. Rad1 Be5 23. Nf7+ Kg8 24. Nxe5 dxe5 25. Rd6 Rf8 26. gxh7+ Kxh7 27. Rf5
Ng8 28. Rxf8 Nxf8 29. Be3 Bh3 30. Qd1 Nf6 31. Rd8 Rxd8 32. Qxd8 Ne6 33. Qd6 Ng4
34. Bxg4 Bxg4 35. Qd2 Nd4 36. Bxd4 exd4 37. Ne2 Qf7 38. Kg1 Qxc4 39. Nxd4 Bh3
40. Kf2 Qf1+ 41. Ke3 Qa1 42. Kf4 Qxa3 43. Nf3 Kg7 44. Ng5 a5 45. Nxh3 Qxb4 46.
Qxb4 axb4 47. Ke3 1-0

[Event "OLOMOUC 2006 - GM (CZE)"]
[Site "?"]
[Date "2006.08.06"]
[Round "6.5"]
[White "Matamoros Franco, Carlos S"]
[Black "Cernousek, Lukas"]
[Result "1/2-1/2"]
[WhiteElo "2544"]
[BlackElo "2418"]
[PlyCount "75"]
[EventDate "2006.08.02"]

1. c4 Nf6 2. g3 e6 3. Bg2 d5 4. Nf3 dxc4 5. Qc2 Nbd7 6. Na3 c5 7. Nxc4 b5 8.
Nce5 Nd5 9. Nxd7 Qxd7 10. b3 Bd6 11. Bb2 O-O 12. a4 f6 13. axb5 Qxb5 14. d3 Nb4
15. Qc1 Bb7 16. O-O Nc6 17. Nd2 Nd4 18. Bxd4 Bxg2 19. Kxg2 cxd4 20. Qc4 Qxc4
21. Nxc4 Bb4 22. Ra6 e5 23. Rfa1 Rf7 24. R1a4 Rb7 25. Nb6 Rab8 26. Rxb4 Rxb6
27. Rbxb6 Rxb6 28. Rxa7 Rxb3 29. f4 exf4 30. gxf4 Rb4 31. Kf3 f5 32. Ra6 g6 33.
Ra7 Rb1 34. Rd7 Rf1+ 35. Kg3 Rg1+ 36. Kf2 Rh1 37. Kg2 Re1 38. Kf2 1/2-1/2

[Event "OLOMOUC 2006 - GM (CZE)"]
[Site "?"]
[Date "2006.08.06"]
[Round "6.6"]
[White "Kryvoruchko, Yuriy"]
[Black "Simacek, Pavel"]
[Result "1-0"]
[WhiteElo "2536"]
[BlackElo "2500"]
[PlyCount "93"]
[EventDate "2006.08.02"]

1. e4 e5 2. Nf3 Nc6 3. Bb5 a6 4. Ba4 Nf6 5. O-O Nxe4 6. d4 b5 7. Bb3 d5 8. dxe5
Be6 9. Be3 Bc5 10. Qe2 Qe7 11. Rd1 Rd8 12. Nbd2 Bxe3 13. Qxe3 Qc5 14. Qe2 Nxd2
15. Rxd2 O-O 16. Rad1 Na5 17. Rd4 Nc4 18. c3 Qe7 19. Bc2 c5 20. Rh4 g6 21. b3
Na3 22. Bd3 c4 23. Bc2 a5 24. Qd2 f6 25. exf6 Qxf6 26. Re1 b4 27. cxb4 axb4 28.
Bxg6 hxg6 29. Rxe6 Qxe6 30. Qh6 Rd7 31. Qh8+ Kf7 32. Rf4+ Qf5 33. Rxf5+ gxf5
34. Ne5+ Ke8 35. Qh5+ Kd8 36. Qg5+ Kc8 37. Nxd7 Re8 38. Kf1 Kxd7 39. Qxf5+ Kd6
40. Qf6+ Kc5 41. Qf7 Re5 42. Qf8+ Kd4 43. Qxb4 Nb1 44. bxc4 Nc3 45. cxd5+ Kd3
46. d6 Rb5 47. Qxb5+ 1-0

[Event "OLOMOUC 2006 - GM (CZE)"]
[Site "?"]
[Date "2006.08.06"]
[Round "7.1"]
[White "Simacek, Pavel"]
[Black "Shanava, Konstantine"]
[Result "1/2-1/2"]
[WhiteElo "2500"]
[BlackElo "2490"]
[PlyCount "42"]
[EventDate "2006.08.02"]

1. e4 c5 2. Nf3 d6 3. d4 cxd4 4. Nxd4 Nf6 5. Nc3 g6 6. g3 Bg7 7. Bg2 O-O 8. O-O
Bg4 9. f3 Bd7 10. Be3 Nc6 11. Nd5 Rc8 12. Nxc6 bxc6 13. Nxf6+ Bxf6 14. Bd4 e5
15. Be3 Be6 16. Qd2 Rc7 17. Rad1 d5 18. Bc5 Be7 19. Qb4 Bxc5+ 20. Qxc5 Qb8 21.
b3 Qb6 1/2-1/2

[Event "OLOMOUC 2006 - GM (CZE)"]
[Site "?"]
[Date "2006.08.06"]
[Round "7.2"]
[White "Cernousek, Lukas"]
[Black "Kryvoruchko, Yuriy"]
[Result "1/2-1/2"]
[WhiteElo "2418"]
[BlackElo "2536"]
[PlyCount "94"]
[EventDate "2006.08.02"]

1. d4 Nf6 2. c4 c5 3. d5 b5 4. cxb5 a6 5. bxa6 Bxa6 6. Nc3 d6 7. Nf3 g6 8. g3
Bg7 9. Bg2 O-O 10. O-O Nbd7 11. Rb1 Ne8 12. Re1 Nc7 13. e4 Nb5 14. Ne2 Qa5 15.
a4 Nc7 16. Nf4 Bb7 17. b3 Rfb8 18. Bd2 Qa7 19. Qc2 Bc8 20. Bc3 Bxc3 21. Qxc3 f6
22. Nd3 Ba6 23. Nd2 Bxd3 24. Qxd3 Rb4 25. Qc3 Rab8 26. Bf1 R8b7 27. Nc4 Nb6 28.
Na3 Qa5 29. Qe3 Nd7 30. Nc4 Qa8 31. f4 Nb6 32. Na3 Nd7 33. Nc2 R4b6 34. a5 Rb5
35. Bxb5 Rxb5 36. b4 cxb4 37. Nxb4 Qb7 38. Qc3 Na6 39. Rec1 Kg7 40. Nxa6 Rxb1
41. Rxb1 Qxb1+ 42. Kf2 Qxe4 43. Qe3 Qxd5 44. Qxe7+ Kh6 45. Qxd7 Qd2+ 46. Kf3
Qd3+ 47. Kf2 Qd2+ 1/2-1/2

[Event "OLOMOUC 2006 - GM (CZE)"]
[Site "?"]
[Date "2006.08.06"]
[Round "7.3"]
[White "Jirka, Jiri"]
[Black "Matamoros Franco, Carlos S"]
[Result "0-1"]
[WhiteElo "2372"]
[BlackElo "2544"]
[PlyCount "122"]
[EventDate "2006.08.02"]

1. d4 Nf6 2. c4 g6 3. g3 Bg7 4. Bg2 O-O 5. Nc3 d6 6. Nf3 Nbd7 7. O-O e5 8. h3
a6 9. Qc2 exd4 10. Nxd4 Re8 11. Rd1 Rb8 12. b3 Nc5 13. Bb2 Qe7 14. e3 c6 15. b4
Ncd7 16. b5 c5 17. Nb3 Ne5 18. Qe2 Be6 19. Nd2 axb5 20. Nxb5 Red8 21. a4 Bf5
22. e4 Be6 23. f4 Nc6 24. Nb3 Bf5 25. g4 Bc8 26. Rd2 Ra8 27. a5 h5 28. e5 dxe5
29. Rxd8+ Nxd8 30. Qxe5 Ne6 31. Qd6 Qxd6 32. Nxd6 Nxf4 33. Nxc8 Nxg2 34. g5 Ne8
35. Ne7+ Kf8 36. Bxg7+ Nxg7 37. Nd5 Nh4 38. Nxc5 Ra7 39. Kf2 Nhf5 40. Nd7+ Kg8
41. c5 Nd4 42. N5f6+ Kh8 43. Ne5 Nge6 44. h4 Kg7 45. Ned7 Nb3 46. Ne8+ Kg8 47.
Nef6+ Kh8 48. Rd1 Rxa5 49. Ne5 Nbxc5 50. Nxf7+ Kg7 51. Nd6 Ra2+ 52. Kg1 Ra4 53.
Nxb7 Rxh4 54. Nxc5 Nxc5 55. Rd5 Ne4 56. Rd7+ Kf8 57. Rd8+ Kf7 58. Nxe4 Rxe4 59.
Kf2 Re5 60. Kg3 Rxg5+ 61. Kf4 Rf5+ 0-1

[Event "OLOMOUC 2006 - GM (CZE)"]
[Site "?"]
[Date "2006.08.06"]
[Round "7.4"]
[White "Plischki, Sebastian"]
[Black "Kraemer, Martin"]
[Result "1/2-1/2"]
[WhiteElo "2387"]
[BlackElo "2434"]
[PlyCount "26"]
[EventDate "2006.08.02"]

1. d4 Nf6 2. c4 e6 3. Nf3 b6 4. a3 Bb7 5. Nc3 d5 6. Bg5 Be7 7. Qa4+ c6 8. Bxf6
Bxf6 9. cxd5 exd5 10. g3 O-O 11. Bg2 Re8 12. O-O Bc8 13. Rad1 Bf5 1/2-1/2

[Event "OLOMOUC 2006 - GM (CZE)"]
[Site "?"]
[Date "2006.08.06"]
[Round "7.5"]
[White "Womacka, Mathias"]
[Black "Maslak, Konstantin"]
[Result "1/2-1/2"]
[WhiteElo "2423"]
[BlackElo "2537"]
[PlyCount "32"]
[EventDate "2006.08.02"]

1. e4 e6 2. d4 d5 3. Nd2 dxe4 4. Nxe4 Nd7 5. Nf3 Ngf6 6. Nxf6+ Nxf6 7. c3 c5 8.
Be3 Qc7 9. Ne5 a6 10. Qa4+ Nd7 11. Bb5 cxd4 12. Bxd7+ Bxd7 13. Qxd4 f6 14. Nxd7
Qxd7 15. O-O-O Qxd4 16. Rxd4 Bc5 1/2-1/2

[Event "OLOMOUC 2006 - GM (CZE)"]
[Site "?"]
[Date "2006.08.06"]
[Round "7.6"]
[White "Biolek, Richard"]
[Black "Arutinian, David"]
[Result "1/2-1/2"]
[WhiteElo "2440"]
[BlackElo "2552"]
[PlyCount "118"]
[EventDate "2006.08.02"]

1. c4 e5 2. Nc3 Nc6 3. Nf3 g6 4. d4 exd4 5. Nxd4 Bg7 6. Nxc6 bxc6 7. g3 Ne7 8.
Bg2 O-O 9. O-O d6 10. Qc2 Bf5 11. e4 Bg4 12. b3 c5 13. h3 Be6 14. Bb2 Nc6 15.
Ne2 Bxb2 16. Qxb2 Rb8 17. Qc3 Qe7 18. Rad1 a5 19. e5 Nxe5 20. Qxa5 Bc8 21. Nf4
Bb7 22. Nd5 Bxd5 23. Bxd5 Rb6 24. Rfe1 Qf6 25. Qa7 Rc8 26. Kg2 Kg7 27. Re3 g5
28. Qa5 Rbb8 29. Qc3 h5 30. Rde1 c6 31. Rxe5 dxe5 32. Rxe5 Kf8 33. Bf3 h4 34.
Qe3 Qd6 35. Rxg5 hxg3 36. Rxg3 Re8 37. Qg5 Re5 38. Qf4 Re6 39. Qf5 Rg6 40. Rxg6
Qxg6+ 41. Qxg6 fxg6 42. Bxc6 Rb6 43. Bb5 Rd6 44. Kf3 Rd2 45. a4 Ke7 46. a5 Kd6
47. a6 Rd3+ 48. Kg4 Rxb3 49. Be8 Ra3 50. Bxg6 Rxa6 51. f4 Ke7 52. Be4 Kf6 53.
h4 Ra3 54. h5 Rc3 55. Bd5 Rc2 56. Kf3 Rh2 57. Kg4 Rc2 58. Kf3 Rh2 59. Kg4 Rc2
1/2-1/2

[Event "OLOMOUC 2006 - GM (CZE)"]
[Site "?"]
[Date "2006.08.07"]
[Round "8.1"]
[White "Shanava, Konstantine"]
[Black "Arutinian, David"]
[Result "1/2-1/2"]
[WhiteElo "2490"]
[BlackElo "2552"]
[PlyCount "27"]
[EventDate "2006.08.02"]

1. Nf3 Nf6 2. b3 b6 3. Bb2 g6 4. Bxf6 exf6 5. g3 Bb7 6. Bg2 Bg7 7. O-O O-O 8.
c4 f5 9. Nc3 Nc6 10. e3 Ne5 11. Nxe5 Bxg2 12. Kxg2 Bxe5 13. d4 Bg7 14. f4
1/2-1/2

[Event "OLOMOUC 2006 - GM (CZE)"]
[Site "?"]
[Date "2006.08.07"]
[Round "8.2"]
[White "Maslak, Konstantin"]
[Black "Biolek, Richard"]
[Result "1-0"]
[WhiteElo "2537"]
[BlackElo "2440"]
[PlyCount "83"]
[EventDate "2006.08.02"]

1. e4 d5 2. exd5 Nf6 3. Nf3 Nxd5 4. d4 Bg4 5. c4 Nb6 6. c5 N6d7 7. Bc4 e6 8.
Nc3 Nc6 9. Be3 Be7 10. h3 Bxf3 11. Qxf3 Nb4 12. Rc1 c6 13. a3 Nd5 14. Nxd5 exd5
15. Bd3 O-O 16. Qf5 g6 17. Qf3 Bf6 18. h4 Re8 19. Kf1 Nf8 20. h5 Bg7 21. Rh3
Qf6 22. Qg4 Qe6 23. Qg3 Qf6 24. Rd1 b6 25. cxb6 axb6 26. Rc1 c5 27. Kg1 c4 28.
Be2 b5 29. Bf3 Qc6 30. hxg6 hxg6 31. Qg5 Rad8 32. Qh4 Rd7 33. Rd1 f5 34. g4 Re6
35. Kh1 f4 36. Bxf4 Bf6 37. g5 Rh7 38. Qg3 Be7 39. Rxh7 Nxh7 40. Qg2 Rd6 41.
Re1 Rd7 42. Rxe7 1-0

[Event "OLOMOUC 2006 - GM (CZE)"]
[Site "?"]
[Date "2006.08.07"]
[Round "8.3"]
[White "Kraemer, Martin"]
[Black "Womacka, Mathias"]
[Result "0-1"]
[WhiteElo "2434"]
[BlackElo "2423"]
[PlyCount "78"]
[EventDate "2006.08.02"]

1. e4 c5 2. Nf3 d6 3. d4 cxd4 4. Nxd4 Nf6 5. Nc3 a6 6. Be3 e5 7. Nf3 Be7 8. Bc4
O-O 9. O-O Be6 10. Qd3 h6 11. Nd5 Bxd5 12. Bxd5 Nxd5 13. Qxd5 Qc7 14. c4 Nd7
15. Rac1 Rfc8 16. Qd3 Qc6 17. Rc3 f5 18. Qc2 Qxe4 19. Qxe4 fxe4 20. Nd2 Nf6 21.
a4 Bd8 22. Rb3 Ba5 23. Rxb7 Bxd2 24. Bxd2 Rxc4 25. Rb6 Rxa4 26. Rxd6 Rd4 27.
Rxd4 exd4 28. Rc1 Rb8 29. b4 e3 30. fxe3 Ne4 31. Rc2 d3 32. Rb2 Rf8 33. Be1 Rc8
34. Rb1 d2 35. Bxd2 Nxd2 36. Ra1 Ne4 37. h3 Rc6 38. Ra4 Nc3 39. Ra3 Nd5 0-1

[Event "OLOMOUC 2006 - GM (CZE)"]
[Site "?"]
[Date "2006.08.07"]
[Round "8.4"]
[White "Matamoros Franco, Carlos S"]
[Black "Plischki, Sebastian"]
[Result "1/2-1/2"]
[WhiteElo "2544"]
[BlackElo "2387"]
[PlyCount "37"]
[EventDate "2006.08.02"]

1. c4 g6 2. g3 c5 3. Bg2 Bg7 4. Nc3 Nc6 5. a3 b6 6. e3 Bxc3 7. bxc3 Bb7 8. d3
d6 9. e4 Qd7 10. Ne2 O-O-O 11. O-O e6 12. Ra2 h6 13. Nf4 Nge7 14. Bh3 Na5 15.
Nd5 f5 16. Nxe7+ Qxe7 17. exf5 gxf5 18. Qh5 Qe8 19. Qe2 1/2-1/2

[Event "OLOMOUC 2006 - GM (CZE)"]
[Site "?"]
[Date "2006.08.07"]
[Round "8.5"]
[White "Kryvoruchko, Yuriy"]
[Black "Jirka, Jiri"]
[Result "1-0"]
[WhiteElo "2536"]
[BlackElo "2372"]
[PlyCount "71"]
[EventDate "2006.08.02"]

1. c4 Nf6 2. Nc3 c6 3. e4 e5 4. Nf3 Qa5 5. Be2 Bb4 6. Qc2 d6 7. a3 Bc5 8. O-O
Qc7 9. b4 Bd4 10. Nxd4 exd4 11. Nd1 O-O 12. f4 c5 13. d3 Ne8 14. g4 f6 15. Bf3
g6 16. Qg2 a6 17. Nb2 Ra7 18. Bd2 b6 19. Rae1 Ng7 20. h4 f5 21. exf5 gxf5 22.
g5 Bb7 23. h5 Nxh5 24. Kh2 Ng7 25. Rh1 Bxf3 26. Qxf3 h5 27. gxh6 Ne8 28. Reg1+
Kh8 29. Rg7 Rf7 30. Qh5 Qd7 31. Qg6 Nf6 32. Re1 Nc6 33. Na4 Nd8 34. Nxb6 Qc6
35. Nd5 Ne4 36. Rxe4 1-0

[Event "OLOMOUC 2006 - GM (CZE)"]
[Site "?"]
[Date "2006.08.07"]
[Round "8.6"]
[White "Simacek, Pavel"]
[Black "Cernousek, Lukas"]
[Result "0-1"]
[WhiteElo "2500"]
[BlackElo "2418"]
[PlyCount "120"]
[EventDate "2006.08.02"]

1. d4 Nf6 2. Nf3 g6 3. c4 Bg7 4. Nc3 d5 5. Qb3 dxc4 6. Qxc4 O-O 7. e4 Nfd7 8.
Be3 Nb6 9. Qc5 Bg4 10. O-O-O f5 11. Bg5 fxe4 12. Nxe4 Nc6 13. Be2 Rf5 14. Qa3
Qd5 15. Nc3 Qf7 16. d5 Nxd5 17. Nxd5 Rxd5 18. Rxd5 Qxd5 19. Rd1 Nd4 20. Nxd4
Qxg5+ 21. Qe3 Qxe3+ 22. fxe3 Bxe2 23. Nxe2 Be5 24. Nf4 Rf8 25. Ne6 Rf6 26. Rd8+
Kf7 27. Ng5+ Kg7 28. Nf3 Bd6 29. e4 Rf8 30. Rxf8 Kxf8 31. Kc2 e6 32. Kd3 Ke7
33. h3 Kd7 34. Ng5 Be7 35. Nxh7 Ke8 36. e5 Kf7 37. Ke4 Kg7 38. Nf6 Bxf6 39.
exf6+ Kxf6 40. h4 c5 41. a4 b6 42. g4 a6 43. Kf4 b5 44. axb5 axb5 45. Ke4 Kf7
46. Ke5 Ke7 47. Kf4 Kd6 48. Ke4 Ke7 49. Kf4 b4 50. Ke4 Kf6 51. b3 Ke7 52. Kd3
e5 53. h5 gxh5 54. gxh5 Kf6 55. h6 Kg6 56. Ke4 c4 57. bxc4 b3 58. c5 b2 59.
Kxe5 b1=Q 60. Kd6 Qb7 0-1

[Event "OLOMOUC 2006 - GM (CZE)"]
[Site "?"]
[Date "2006.08.08"]
[Round "9.1"]
[White "Cernousek, Lukas"]
[Black "Shanava, Konstantine"]
[Result "0-1"]
[WhiteElo "2418"]
[BlackElo "2490"]
[PlyCount "68"]
[EventDate "2006.08.02"]

1. e4 c5 2. Nf3 d6 3. d4 cxd4 4. Nxd4 Nf6 5. Nc3 g6 6. Be3 Bg7 7. f3 a6 8. Qd2
Nbd7 9. Bc4 b5 10. Bb3 Bb7 11. O-O-O Nc5 12. Kb1 Nxb3 13. cxb3 h5 14. Qf2 Nd7
15. Rhe1 Rc8 16. Bg5 O-O 17. Qg3 Nf6 18. e5 Rxc3 19. exf6 exf6 20. Bf4 Rc5 21.
Bxd6 Rg5 22. Bxf8 Rxg3 23. Be7 Qb8 24. hxg3 Qxg3 25. Re2 h4 26. Bc5 h3 27. Rh1
Bc8 28. gxh3 Bb7 29. Rhe1 Bxf3 30. Re3 Qg5 31. b4 Bd5 32. Re8+ Kh7 33. Rd8 Bc4
34. Nf3 Qf5+ 0-1

[Event "OLOMOUC 2006 - GM (CZE)"]
[Site "?"]
[Date "2006.08.08"]
[Round "9.2"]
[White "Jirka, Jiri"]
[Black "Simacek, Pavel"]
[Result "0-1"]
[WhiteElo "2372"]
[BlackElo "2500"]
[PlyCount "94"]
[EventDate "2006.08.02"]

1. d4 Nf6 2. c4 e6 3. g3 d5 4. Bg2 dxc4 5. Nf3 c5 6. O-O Nc6 7. dxc5 Qxd1 8.
Rxd1 Bxc5 9. Nbd2 c3 10. Nb3 Bb6 11. a4 Ne4 12. e3 Na5 13. Nfd4 f5 14. Nxa5
Bxa5 15. bxc3 Nxc3 16. Bd2 Nxd1 17. Bxa5 Nb2 18. Nb5 O-O 19. Bb4 Rd8 20. Bc5
Rd7 21. Bf1 a6 22. Nd4 Rd5 23. Bb6 e5 24. Nb3 Be6 25. Nc5 Rd6 26. a5 Bd5 27.
Bc7 Rc6 28. Bxe5 Rxc5 29. Bxb2 Rac8 30. Bd3 Be4 31. Bxe4 fxe4 32. Kg2 Rc2 33.
Bd4 Rf8 34. Rf1 Rf5 35. Bb6 h5 36. h3 Kf7 37. g4 hxg4 38. hxg4 Rf3 39. Bd4 Kg6
40. Kg1 Ra2 41. Rb1 Rf7 42. Be5 Rxa5 43. Rb6+ Kg5 44. Bf4+ Kxg4 45. Kg2 g5 46.
Bg3 Rb5 47. Re6 Kf5 0-1

[Event "OLOMOUC 2006 - GM (CZE)"]
[Site "?"]
[Date "2006.08.08"]
[Round "9.4"]
[White "Womacka, Mathias"]
[Black "Matamoros Franco, Carlos S"]
[Result "1/2-1/2"]
[WhiteElo "2423"]
[BlackElo "2544"]
[PlyCount "44"]
[EventDate "2006.08.02"]

1. e4 e5 2. Nf3 Nc6 3. Bb5 Nf6 4. O-O Nxe4 5. d4 a6 6. Bxc6 dxc6 7. Qe2 Bf5 8.
g4 Bg6 9. Nxe5 Qxd4 10. Nxg6 hxg6 11. Nc3 f5 12. Bf4 O-O-O 13. Rad1 Qf6 14.
Nxe4 fxe4 15. Rxd8+ Kxd8 16. Qxe4 Bd6 17. Rd1 Re8 18. g5 Rxe4 19. gxf6 gxf6 20.
Bxd6 cxd6 21. Rxd6+ Ke7 22. Rd3 Ke6 1/2-1/2

[Event "OLOMOUC 2006 - GM (CZE)"]
[Site "?"]
[Date "2006.08.08"]
[Round "9.5"]
[White "Biolek, Richard"]
[Black "Kraemer, Martin"]
[Result "1/2-1/2"]
[WhiteElo "2440"]
[BlackElo "2434"]
[PlyCount "51"]
[EventDate "2006.08.02"]

1. c4 Nf6 2. Nc3 e6 3. e4 d5 4. e5 d4 5. exf6 dxc3 6. bxc3 Qxf6 7. d4 e5 8. Nf3
exd4 9. cxd4 Bb4+ 10. Bd2 Bxd2+ 11. Qxd2 O-O 12. Be2 Nc6 13. O-O Bg4 14. d5
Bxf3 15. Bxf3 Nd4 16. Be4 c5 17. dxc6 Nxc6 18. Rab1 b6 19. c5 bxc5 20. Qd5 Rac8
21. Qxc5 Nd4 22. Qxa7 Ne2+ 23. Kh1 Nc3 24. Rbe1 Nxe4 25. Rxe4 Ra8 26. Qe7
1/2-1/2